MARC

Tag First Indicator Second Indicator Subfields
LEADER 00000cam a2200000 a 4500
001 in00000001103
007 he bmb---bbca
008 980827s1998 dcua bb f000 0 eng c
005 20230309222438.5
035 |a (OCoLC)ocm40278779 
035 |9 AHS7790AM 
035 |a in00000001103 
040 |a MNM  |c MNM  |d OCL  |d GPO  |d MvI  |d UtOrBLW 
042 |a pcc 
043 |a n-us-ak 
049 |a UMIC 
049 |a WWW 
074 |a 0083-B-06 (MF) 
074 |a 0083-B-06 (online) 
086 0 |a A 13.88:PNW-GTR-421 
090 |a SD390.7.W56  |b N69 1998 
100 1 |a Nowacki, Gregory J.  |q (Gregory Jay) 
245 1 4 |a The effects of wind disturbance on temperate rain forest structure and dynamics of Southeast Alaska /  |c Gregory J. Nowacki, Marc G. Kramer. 
264 1 |a Portland, Or. :  |b U.S. Dept. of Agriculture, Forest Service, Pacific Northwest Research Station,  |c [1998] 
300 |a 25 pages :  |b illustrations ;  |c 28 cm. 
336 |a text  |b txt  |2 rdacontent 
337 |a microform  |b h  |2 rdamedia 
338 |a microfiche  |b he  |2 rdacarrier 
490 1 |a Conservation and resource assessments for the Tongass land management plan revision 
490 1 |a General technical report PNW ;  |v GTR-421 
500 |a Shipping list number: 98-0938-M. 
500 |a "April 1998." 
500 |a Shipping List Date: 08/14/98 
504 |a Includes bibliographical references (pages 21-25). 
533 |a Microfiche.  |b Washington, D.C. :  |c Supt. of Docs., U.S. G.P.O.,  |d [1998]  |e 1 microfiche : negative. 
530 |a Also available via Internet form the Forest Service web site. Address as of 6/29/04: http://www.fs.fed.us/pnw/pubs/gtr_421.pdf; current access is available via PURL. 
500 |a Microform. 
650 0 |a Windfall (Forestry)  |z Alaska  |z Tongass National Forest. 
650 0 |a Forest plants  |x Effect of wind on  |z Alaska  |z Tongass National Forest. 
650 0 |a Forest dynamics  |z Alaska  |z Tongass National Forest. 
651 0 |a Tongass National Forest (Alaska)  |x Management. 
776 0 |c Original  |w (OCoLC) 39397813 
700 1 |a Kramer, Marc G. 
710 2 |a Pacific Northwest Research Station (Portland, Or.) 
830 0 |a Conservation and resource assessments for the Tongass land management plan revision. 
830 0 |a General technical report PNW ;  |v 421. 
856 4 1 |u https://purl.fdlp.gov/GPO/LPS46828  |t 0 
999 |a MARS 
999 f f |i 54b14e7a-902f-3b9f-b02b-2a05f8945ae7  |s def3a183-b23f-386b-a4c1-4849ff0663a5  |t 0 
952 f f |p normal  |a Texas A&M University  |b College Station  |c Sterling C. Evans Library  |d Evans: US Documents Microfiche (3rd floor)  |t 0  |e A 13.88:PNW-GTR-421  |h Superintendent of Documents classification  |i microform -- microfiche  |m A14824370678 
952 f f |a Texas A&M University  |b College Station  |c Electronic Resources  |d Available Online  |t 0  |e A 13.88:PNW-GTR-421  |h Superintendent of Documents classification 
998 f f |a A 13.88:PNW-GTR-421  |t 0  |l Evans: US Documents Microfiche (3rd floor) 
998 f f |a A 13.88:PNW-GTR-421  |t 0  |l Available Online